| 000 | 00000nam 2200000zi 4500 |
| 001 | 9.945761 |
| 003 | CaOODSP |
| 005 | 20241129095023 |
| 006 | m o d f |
| 007 | cr bn||||||||| |
| 008 | 241129e197511##oncd ob f000 0 eng d |
| 040 | |aCaOODSP|beng|erda|cCaOODSP |
| 086 | 1 |aEn36-522/159-1975E-PDF |
| 100 | 1 |aMoir, J., |eauthor. |
| 245 | 10|aExperiments on containment and diversion of oil by a vertical barrier / |cJ. Moir and Y.L. Lau. |
| 264 | 1|a[Burlington, Ont.] : |bCanada Centre for Inland Waters, Hydraulics Research Division, Hydraulics Section, |cNovember 1975. |
| 300 | |a1 online resource (67 unnumbered pages) : |bgraphs. |
| 336 | |atext|btxt|2rdacontent |
| 337 | |acomputer|bc|2rdamedia |
| 338 | |aonline resource|bcr|2rdacarrier |
| 490 | 1 |aUnpublished report |
| 500 | |aDigitized edition from print [produced by Environment and Climate Change Canada]. |
| 504 | |aIncludes bibliographical references. |
| 520 | |a"Using dimensional analysis, the variables which govern the containment and diversion of oil slicks by barriers in riverflow are identified. A laboratory test programme was carried out to determine the criteria for containment, guidelines for volume of oil containable and diversion of oil by barriers angled to the flow. The relative barrier draft and the flow friction factor, parameters previously ignored, have been shown to be important factors. Suggestions for further laboratory work and field tests are made"--Summary, page [3]. |
| 650 | 0|aOil spill booms|xExperiments. |
| 650 | 0|aStreamflow|xMathematical models. |
| 650 | 0|aDimensional analysis. |
| 650 | 6|aBarrages flottants|xExpériences. |
| 650 | 6|aCours d'eau|xDébit|xModèles mathématiques. |
| 650 | 6|aAnalyse dimensionnelle. |
| 710 | 2 |aCanada Centre for Inland Waters. |bHydraulics Research Division, |eissuing body. |
| 830 | #0|aUnpublished report (Canada Centre for Inland Waters)|w(CaOODSP)9.881827 |
| 856 | 40|qPDF|s1.78 MB|uhttps://publications.gc.ca/collections/collection_2024/eccc/en36/En36-522-159-1975-eng.pdf |